000 00428nam a2200181Ia 4500
001 24444
005 20260414151043.0
008 260414t2014||||xx |||||||||||||| ||spa||
041 _aESP
082 _a345.7
_bN55
100 _aAllorio, Enrico
_eAUT
245 0 _aLa cosa juzgada frente a terceros
_b
260 _c2014
300 _a308 páginas :
_c24 cm.
650 _aDER
654 _aCDE
942 _cLIB
_dJUS
_fJUS
_2ddc
_n
999 _c24444
_d24444